Statistiques concernant Personnages d'anime en images - B

Cliquez ici pour prendre le quiz!

Statistiques générales

  • Ce quiz a été pris 275 fois
    (257 depuis la dernière actualisation)
  • Le résultat moyen est 9 sur 18

Statistiques - réponses

Réponse% Correct
Boruto
98%
Katsuki Bakugo
90%
Brook
85%
Baggy
82%
Bulma
82%
Ban
78%
Boo
74%
Bertolt Hoover
64%
Biscuit Kruger
64%
Meguru Bachira
48%
Bianca
30%
Bruno Bucciarati
21%
King Bradley
18%
Béatrice
14%
Baraggan Louisenbairn
9%
Ryô Bakura
7%
Benny
2%
Bulat
2%

Distribution des résultats

Percentile par nombre de réponses

% des personnes avec chaque résultat

Votre développement - résultats

Vous n’avez pas pris ce quiz depuis la dernière actualisation